Library Logo

Pioneer International University Library Catalogue

Modern language classroom techniques; (Record no. 3067)

MARC details
000 -LEADER
fixed length control field 00543nam a2200169 4500
005 - DATE AND TIME OF LATEST TRANSACTION
control field 20250901165400.0
008 - FIXED-LENGTH DATA ELEMENTS--GENERAL INFORMATION
fixed length control field 720706s1972 nyua 001 0 eng
010 ## - LIBRARY OF CONGRESS CONTROL NUMBER
LC control number 72182321
020 ## - INTERNATIONAL STANDARD BOOK NUMBER
International Standard Book Number 0155618202
050 00 - LIBRARY OF CONGRESS CALL NUMBER
Classification number PB35 .A45 1972
Item number .A57
082 00 - DEWEY DECIMAL CLASSIFICATION NUMBER
Classification number 418/.007/1273
100 1# - MAIN ENTRY--PERSONAL NAME
Personal name Allen, Edward David,
Dates associated with a name 1923-
245 10 - TITLE STATEMENT
Title Modern language classroom techniques;
Remainder of title a handbook
Statement of responsibility, etc. [by] Edward David Allen [and] Rebecca M. Valette.
260 ## - PUBLICATION, DISTRIBUTION, ETC.
Place of publication, distribution, etc. New York,
Name of publisher, distributor, etc. Harcourt Brace Jovanovich
Date of publication, distribution, etc. [1972]
300 ## - PHYSICAL DESCRIPTION
Extent ix, 306 p.
Other physical details illus.
Dimensions 24 cm.
942 ## - ADDED ENTRY ELEMENTS (KOHA)
Source of classification or shelving scheme Dewey Decimal Classification
Holdings
Withdrawn status Lost status Source of classification or shelving scheme Damaged status Not for loan Home library Current library Shelving location Date acquired Total checkouts Full call number Barcode Date last seen Price effective from Koha item type
    Library of Congress Classification     Main Library Main Library   03/19/2021   PB35 .A45 1972 PIU0002917 03/19/2021 03/19/2021 Books